000 00604nam a22002297a 4500
003 UA-OsUOA
001 85489
007 ta
008 20120702b un ||||| |||| 00| 0 ukr d
090 _a821.161.2
_bІ-99
942 _cBK
040 _aUA-OsUOA
_bukr
_cUA-OsUOA
_dUA-OsUOA
245 _aІздрик
_bновели
_cДовган Я.
300 _a260 с.
955 _a3
041 _aukr
080 _a821.161.2
020 _a966-663-149-0
260 _aЛьвів
_bКальварія
_c2005
650 7 _a82 Література. Літературознавство
_2UDC
999 _c371791
_d371791